LEADER 01810nam a2200301 i 4500 001 000000012845 003 CaOOAMICUS 005 20220715122930.0 008 180830s18651866it u000 u ita u 040 $aSeMil$bita 100 1 $aBeauharnais, Eugène : de,$d<1781-1824>.$0(OLS)http://semarc/name/89868 245 03$aIl principe Eugenio :$bmemorie del Regno d'Italia. 264 1$aMilano :$bCorona e Caimi,$c1865-1866. 300 $a9 v. ;$c19 cm. 490 1 $aCollana di storie e memorie contemporanee 774 0 $tVol. 1.$dMilano : Corona e Caimi, 1865.$kCollana di storie e memorie contemporanee$g1$w()256635 774 0 $tVol. 2.$dMilano : Corona e Caimi, 1865.$kCollana di storie e memorie contemporanee$g2$w()256636 774 0 $tVol. 3.$dMilano : Corona e Caimi, 1865.$kCollana di storie e memorie contemporanee$g3$w()256637 774 0 $tVol. 4.$dMilano : Corona e Caimi, 1865.$kCollana di storie e memorie contemporanee$g4$w()256638 774 0 $tVol. 5.$dMilano : Corona e Caimi, 1865.$kCollana di storie e memorie contemporanee$g5$w()256639 774 0 $tVol. 6.$dMilano : Corona e Caimi, 1865.$kCollana di storie e memorie contemporanee$g6$w()256640 774 0 $tVol. 7.$dMilano : Corona e Caimi, 1865.$kCollana di storie e memorie contemporanee$g7$w()256641 774 0 $tVol. 8.$dMilano : Corona e Caimi, 1866.$kCollana di storie e memorie contemporanee$g8$w()256647 774 0 $tVol. 9.$dMilano : Corona e Caimi, 1866.$kCollana di storie e memorie contemporanee$g9$w()256648 830 0$aCollana di storie e memorie contemporanee.$0(OLS)http://semarc/title/408459 996 $6245$aIl principe Eugenio :$bmemorie del Regno d'Italia$9(OLS)http://semarc/title/401425 996 $6264$aMilano :$bCorona e Caimi$9(OLS)http://semarc/publisher/55638 LEADER 00642nam a2200193 i 4500 001 000000109516 003 CaOOAMICUS 005 20021107000000.0 008 021107n it u000 u ita u 013 $a82196 040 $aSeMil$bita 100 1 $aGrana, Gianni.$0(OLS)http://semarc/name/3991 245 10$a9. 300 $aXI, P. 8028-9135, ill. 773 0 $tLetteratura italiana. Novecento.$dMilano : Marzorati, copyr. 1979.$w()7773 850 $aSeMil 852 $aSeMil$W1$xVenegono$y1$m1O V 201$j65501$B65501$CSeMilBibl$Z2$F72874 $81 961 $aRecupero: Biblioteca Seminario Liceale 996 $6245$a9$9(OLS)http://semarc/title/57521